Sports Quiz

Random Sports or Tennis Quiz

Women's Australian Open Semifinalists 2010s Quiz Stats

 Plays Quiz not verified by Sporcle

Support Sporcle.
Go Orange.
Score 0/40 Timer 10:00
0 Plays Today
% Correct
Serena Williams
98%
Serena Williams
98%
Serena Williams
98%
Serena Williams
98%
Venus Williams
97%
Li Na
96%
Li Na
96%
Caroline Wozniacki
96%
Li Na
96%
Li Na
96%
Caroline Wozniacki
96%
Victoria Azarenka
95%
Victoria Azarenka
95%
Angelique Kerber
95%
Angelique Kerber
95%
Maria Sharapova
94%
Maria Sharapova
94%
Maria Sharapova
94%
Petra Kvitova
93%
Petra Kvitova
93%
% Correct
Simona Halep
92%
Naomi Osaka
92%
Kim Clijsters
91%
Kim Clijsters
91%
Dominika Cibulkova
88%
Agnieska Radwanska
85%
Agnieska Radwanska
85%
Justine Henin
84%
Karolina Pliskova
84%
Sloane Stephens
81%
Johanna Konta
80%
Madison Keys
77%
Coco Vandeweghe
77%
Vera Zvonareva
73%
Eugenie Bouchard
67%
Elise Mertens
67%
Danielle Collins
66%
Mirjana Lucic-Baroni
64%
Ekaterina Makarova
59%
Zheng Jie
58%

You're not logged in!

Compare scores with friends on all Sporcle quizzes.
OR
Log In

From the Vault

Confederate States

by pbrown

Here's a handy nugget of knowledge, the motto of the CSA was Deo Vindice...'With God our Vindicator'.
Remove Ads.
Support Sporcle.
Get the best of Sporcle when you Go Orange. This ad-free experience offers more features, more stats, and more fun while also helping to support Sporcle. Thank you for becoming a member.

Show Comments

Extras

Top Quizzes Today


Score Distribution

Your Account Isn't Verified!

In order to create a playlist on Sporcle, you need to verify the email address you used during registration. Go to your Sporcle Settings to finish the process.

Report this User

Report this user for behavior that violates our Community Guidelines.

Details: